Library surveys: an introduction to their use, planning procedure and presentation (Record no. 16492)
[ view plain ]
| 000 -LEADER | |
|---|---|
| fixed length control field | 00510nam a2200181Ia 4500 |
| 082 ## - DEWEY DECIMAL CLASSIFICATION NUMBER | |
| Classification number | 020.723 FLA-L |
| 100 ## - MAIN ENTRY--AUTHOR NAME | |
| Personal name | Fla, Maurice B Line M; |
| 245 #0 - TITLE STATEMENT | |
| Title | Library surveys: an introduction to their use, planning procedure and presentation |
| 260 ## - PUBLICATION, DISTRIBUTION, ETC. (IMPRINT) | |
| Place of publication | London |
| Name of publisher | Clive Bingley |
| Year of publication | 1967 |
| 300 ## - PHYSICAL DESCRIPTION | |
| Number of Pages | 151p. |
| 650 ## - SUBJECT ADDED ENTRY--TOPICAL TERM | |
| Topical Term | Library science |
| 650 ## - SUBJECT ADDED ENTRY--TOPICAL TERM | |
| Topical Term | Library education |
| 650 ## - SUBJECT ADDED ENTRY--TOPICAL TERM | |
| Topical Term | Library use studies |
| 650 ## - SUBJECT ADDED ENTRY--TOPICAL TERM | |
| Topical Term | Library planning |
| 650 ## - SUBJECT ADDED ENTRY--TOPICAL TERM | |
| Topical Term | Library statistics |
| 650 ## - SUBJECT ADDED ENTRY--TOPICAL TERM | |
| Topical Term | Library surveys |
| 942 ## - ADDED ENTRY ELEMENTS (KOHA) | |
| Koha item type | Books |
| Withdrawn status | Lost status | Damaged status | Not for loan | Home library | Current library | Date acquired | Full call number | Accession Number | Price effective from | Koha item type |
|---|---|---|---|---|---|---|---|---|---|---|
| NASSDOC Library | NASSDOC Library | 08/06/2004 | 020.723 FLA-L | 2383 | 18/04/2019 | Books |
